Step by Step Chinese Cookery / (Record no. 185815)
[ view plain ]
| 000 -LEADER | |
|---|---|
| fixed length control field | 00700 a2200181 4500 |
| 003 - CONTROL NUMBER IDENTIFIER | |
| control field | Nust |
| 005 - DATE AND TIME OF LATEST TRANSACTION | |
| control field | 20230104110427.0 |
| 020 ## - INTERNATIONAL STANDARD BOOK NUMBER | |
| International Standard Book Number | 0862880114 |
| 040 ## - CATALOGING SOURCE | |
| Transcribing agency | Nust |
| 082 ## - DEWEY DECIMAL CLASSIFICATION NUMBER | |
| Classification number | 641.8654,CHI |
| 100 ## - MAIN ENTRY--PERSONAL NAME | |
| Personal name | Hawkins, Kathryn |
| 9 (RLIN) | 106736 |
| 245 ## - TITLE STATEMENT | |
| Title | Step by Step Chinese Cookery / |
| Statement of responsibility, etc. | Hawkins Kathryn, |
| 260 ## - PUBLICATION, DISTRIBUTION, ETC. | |
| Place of publication, distribution, etc. | London |
| Name of publisher, distributor, etc. | GreenWich` |
| Date of publication, distribution, etc. | 1995. |
| 300 ## - PHYSICAL DESCRIPTION | |
| Extent | 70p |
| 505 ## - FORMATTED CONTENTS NOTE | |
| Formatted contents note | Introduction (Page-7), Chinese Ingredients (Page-8), Stocks and Soups (Page-10), Starters (Page-18), Fish and Shellfish Dishes (Page-24), Poultry Dishes (Page-32), Meat Dishes (Page-41), Salads (Page-55), Vegetarian Dishes (Page-59), Desserts (Page-66), Index (Page-70). |
| 650 ## - SUBJECT ADDED ENTRY--TOPICAL TERM | |
| Topical term or geographic name entry element | Chines Cookery |
| 9 (RLIN) | 106737 |
| 942 ## - ADDED ENTRY ELEMENTS (KOHA) | |
| Source of classification or shelving scheme | |
| Koha item type | Book |
| Withdrawn status | Lost status | Source of classification or shelving scheme | Damaged status | Not for loan | Permanent Location | Current Location | Shelving location | Date acquired | Full call number | Barcode | Date last seen | Price effective from | Koha item type | Public note |
|---|---|---|---|---|---|---|---|---|---|---|---|---|---|---|
| Military College of Signals (MCS) | Military College of Signals (MCS) | General Stacks | 12/12/2016 | 641.8654,CHI | MCS2062 | 12/08/2016 | 12/12/2016 | Book | Almirah No.42, Shelf No.2 |
